• 首页
  • 本馆介绍
  • 公告通知
  • 最新文献
  • 馆藏检索
  • 电子资源
  • 读者导购
  • 参考咨询
  • 我的图书馆
  • 登录
  • 详细信息显示
  • 放入我的书架
  • 预约/预借图书
  • 作者相关作品
  • 分类相关作品
  • 丛书相关作品
  • 出版社相关作品

书目信息

  • 表格格式
  • 工作单格式
  • 卡片格式
题名:
读《论语》悟管理
    
 
作者: 魏小奋 , 吕国荣 著
分册:  
出版信息: 北京   电子工业出版社  2011.2
页数: 217页
开本: 24cm
丛书名: 国学与管理智慧丛书
单 册:
中图分类: F270 , F272
科图分类:
主题词:
电子资源:
ISBN: 978-7-121-12819-6
000 01200oam2 2200289 45
001 1360100406
005 20130530095253.40
010    @a978-7-121-12819-6@dCNY30.80
100    @a20130513d2011 em y0chiy0110 ea
101 0  @achi
102    @aCN@b110000
105    @ay z 000yy
106    @ar
200 1  @a读《论语》悟管理@ADou《 Lun Yu》 Wu Guan Li@f吕国荣,魏小奋著@FLu^ Guo Rong, Wei Xiao Fen Zhu
210    @a北京@c电子工业出版社@d2011.2
215    @a217页@d24cm
225 2  @a国学与管理智慧丛书
300    @a典藏版
330    @a《论语》记录了孔子生平语录及其与弟子的对话。《论语》共20章,篇幅都不长,但句句是名言,句句是至理,博大而实用。汇集了为官之道、经商之道、谋略之道、战略之法及用人的大智慧,正所谓“半部《论语》治天下”。《论语》对中外一些大企业家都产生了重要的影响。《论语》所蕴含的管理智慧和管理哲学,将为现代企业管理者进行有效的经营管理提供宝贵的经验,同时它必然会在现代经济生活中产生越来越大的影响。
461  0 @12001 @a国学与管理智慧丛书
605    @a论语@x应用@x企业管理
690    @aF270@v5
690    @aF272@v5
701  0 @a魏小奋@AWei Xiao Fen@4著
701  0 @a吕国荣@ALu^ Guo Rong@4著
801    @aCN@bTANGWEI@c20130523
905    @b0834260-65@dF270@e959@f6
    
    读《论语》悟管理/吕国荣,魏小奋著.-北京:电子工业出版社,2011.2
    217页;24cm.-(国学与管理智慧丛书)
    典藏版
    
    ISBN 978-7-121-12819-6:CNY30.80
    《论语》记录了孔子生平语录及其与弟子的对话。《论语》共20章,篇幅都不长,但句句是名言,句句是至理,博大而实用。汇集了为官之道、经商之道、谋略之道、战略之法及用人的大智慧,正所谓“半部《论语》治天下”。《论语》对中外一些大企业家都产生了重要的影响。《论语》所蕴含的管理智慧和管理哲学,将为现代企业管理者进行有效的经营管理提供宝贵的经验,同时它必然会在现代经济生活中产生越来越大的影响。
●
相关链接 在E读中查询图书 在五车中查询图书 在当当中查询图书 在豆瓣中查询图书


正题名:读《论语》悟管理     索取号:F270/959         预约/预借

序号 登录号 条形码 馆藏地/架位号 状态 备注
1 0834260   208342603   第一样本阅览室/ [索取号:F270/959] 在馆    
2 0834261   208342612   第一借阅区/ [索取号:F270/959] 在馆    
3 0834262   208342621   第一借阅区/ [索取号:F270/959] 在馆    
4 0834263   208342630   第一借阅区/ [索取号:F270/959] 在馆    
5 0834264   208342649   第一借阅区/ [索取号:F270/959] 在馆    
6 0834265   208342658   第一借阅区/ [索取号:F270/959] 在馆    
唐山师范学院图书馆 欢迎您!
大连网信软件有限公司© 版权所有